| 000 | 00416nam a22001697a 4500 | ||
|---|---|---|---|
| 005 | 20160525112312.0 | ||
| 008 | 160525b xxu||||| |||| 00| 0 eng d | ||
| 020 | _a81-7881-174-X | ||
| 041 | _aeng | ||
| 082 | _b4835 | ||
| 100 |
_aGupta, Vivek _91212 |
||
| 245 | _aManagement of Insurance Companies | ||
| 260 |
_aNew Delhi _bAcademic Faundation _c2004 |
||
| 300 | _a200 | ||
| 650 |
_aManagement _9241 |
||
| 942 | _cBK | ||
| 999 |
_c1664 _d1663 |
||